Disney PIXAR WALL-E Characters - Statistics

General Stats
  • This quiz has been taken 241 times
    210 since last reset
  • The average score is 4 of 8
Answer Stats
# Hint Answer % Correct
1 Wasten Allocation Load Lifter--- Earth-Class WALL-E
99%
2 Extraterrestrial Vegetation Evaluator EVE
97%
3 Microbe Obliterator M-O
63%
6 The rogue autopilot artificial intelligence Auto
58%
7 The guy that is oblivious to his surroundings due tonhis personal video screen John
41%
The insect friend of the rusty robot Hal
22%
4 The commander of the Axiom Captain B. McCrea
16%
5 CEO of the Buy n Large Corporation Shelby Forthright
16%
No matching quizzes found
Score Distribution
Percent of People with Each Score
Percentile by Number Answered
Your Score History
You have not taken this quiz since the last reset